| 000 | 01503nam a22003614i 4500 | ||
|---|---|---|---|
| 001 | 991061597367606706 | ||
| 003 | ES-BaIT | ||
| 005 | 20260413092348.0 | ||
| 008 | 260126s2024 spcag||| |||| 000 0 spa|c | ||
| 017 |
_aDL B 21043-2024 _bBiblioteca de Catalunya |
||
| 020 |
_a9788409667147 _q(rústica) |
||
| 040 |
_aES-BaESM _bcat _erda _cES-BaESM |
||
| 080 |
_a781.031.4 _x(460) _22004 |
||
| 100 | 1 |
_aJiménez de Cisneros Puig, Bernat _eautor _9169223 |
|
| 240 | 1 | 0 | _aAproximación musicológica a las palmas flamencas a través de la fonografía y la praxis contemporánea |
| 245 | 1 | 4 |
_aLas palmas flamencas : _baproximación musicológica a las palmas flamencas a través de la fonografía y la praxis contemporánea / _cBernat Jiménez de Cisneros Puig |
| 250 | _aVersión revisada | ||
| 264 | 1 |
_a[Barcelona] : _bAtril Flamenco, _c[2024] |
|
| 264 | 4 | _c©2024 | |
| 300 |
_a451 pàgines : _bil·lustracions, música ; _c24 cm |
||
| 336 |
_atext _btxt _2rdacontent |
||
| 337 |
_asense mediació _bn _2rdamedia |
||
| 338 |
_avolum _bnc _2rdacarrier |
||
| 500 | _a"Versión revisada de la edición original en PDF de 2020"--Verso de la portada | ||
| 500 | _aAl llom: II | ||
| 504 | _aReferències discogràfiques: pàgines 415-427. Bibliografia: pàgina: 429-439 | ||
| 650 | 0 |
_aFlamenc, Música de _xAnàlisi i apreciació _2lemac _9169224 |
|
| 650 | 7 |
_aFlamenc, Música de _2lemac _956924 |
|
| 650 | 4 |
_aPalmes (Música) _xMètodes _9136767 |
|
| 908 | _aESMUC | ||
| 940 | _aCVA23 | ||
| 942 |
_2udc _c1 |
||
| 999 |
_c137358 _d137358 |
||